South Eastern Kenya University

Library Online Public Access Catalogue


Data communications and networking with TCP/IP protocol suite / (Record no. 18601)

MARC details
000 -LEADER
fixed length control field 01232cam a2200361 i 4500
001 - CONTROL NUMBER
control field 21806025
003 - CONTROL NUMBER IDENTIFIER
control field OSt
005 - DATE AND TIME OF LATEST TRANSACTION
control field 20250905121447.0
008 - FIXED-LENGTH DATA ELEMENTS--GENERAL INFORMATION
fixed length control field 201119s2022 nyua b 001 0 eng
010 ## - LIBRARY OF CONGRESS CONTROL NUMBER
LC control number 2020052158
020 ## - INTERNATIONAL STANDARD BOOK NUMBER
International Standard Book Number 9781260597820
035 ## - SYSTEM CONTROL NUMBER
System control number 21806025
040 ## - CATALOGING SOURCE
Original cataloging agency SEKU
042 ## - AUTHENTICATION CODE
Authentication code pcc
050 00 - LIBRARY OF CONGRESS CALL NUMBER
Classification number TK5105
Item number .F6 2022
100 1# - MAIN ENTRY--PERSONAL NAME
Personal name Forouzan, Behrouz A.,
Relator term author.
240 10 - UNIFORM TITLE
Uniform title <a href="Data communications and networking">Data communications and networking</a>
245 10 - TITLE STATEMENT
Title Data communications and networking with TCP/IP protocol suite /
Statement of responsibility, etc. Behrouz A. Forouzan.
246 34 - VARYING FORM OF TITLE
Title proper/short title Data communications & networking with TCP/IP protocol suite
250 ## - EDITION STATEMENT
Edition statement Sixth edition.
264 #1 - PRODUCTION, PUBLICATION, DISTRIBUTION, MANUFACTURE, AND COPYRIGHT NOTICE
Place of production, publication, distribution, manufacture New York, NY :
Name of producer, publisher, distributor, manufacturer McGraw Hill,
Date of production, publication, distribution, manufacture, or copyright notice [2022]
300 ## - PHYSICAL DESCRIPTION
Extent xxv, 834 pages :
Other physical details color illustrations ;
Dimensions 24 cm
336 ## - CONTENT TYPE
Content type term text
Content type code txt
Source rdacontent
337 ## - MEDIA TYPE
Media type term unmediated
Media type code n
Source rdamedia
338 ## - CARRIER TYPE
Carrier type term volume
Carrier type code nc
Source rdacarrier
490 0# - SERIES STATEMENT
Series statement McGraw-Hill Forouzan networking series
500 ## - GENERAL NOTE
General note Revised edition of: Data communications and networking.
504 ## - BIBLIOGRAPHY, ETC. NOTE
Bibliography, etc Includes bibliographical references (pages 805-809) and index.
650 #0 - SUBJECT ADDED ENTRY--TOPICAL TERM
Topical term or geographic name as entry element Data transmission systems.
650 #0 - SUBJECT ADDED ENTRY--TOPICAL TERM
Topical term or geographic name as entry element Computer networks.
650 #0 - SUBJECT ADDED ENTRY--TOPICAL TERM
Topical term or geographic name as entry element TCP/IP (Computer network protocol)
942 ## - ADDED ENTRY ELEMENTS (KOHA)
Source of classification or shelving scheme Library of Congress Classification
Koha item type General circulation
Holdings
Withdrawn status Lost status Source of classification or shelving scheme Damaged status Not for loan Home library Current library Date acquired Source of acquisition Total Checkouts Full call number Barcode Date last seen Price effective from Koha item type
    Library of Congress Classification     Main Campus Library Main Campus Library 05/09/2025 Purchase   TK5105 .F6 2022 2025/028717 05/09/2025 05/09/2025 General circulation
Kitui, Kenya.
+254736116989
library@seku.ac.ke